DELTORA QUEST (Record no. 6021)
[ view plain ]
| 000 -LEADER | |
|---|---|
| fixed length control field | 00587nam a22001457a 4500 |
| 020 ## - INTERNATIONAL STANDARD BOOK NUMBER | |
| ISBN | 0-439-25330-6 |
| 082 ## - DEWEY DECIMAL CLASSIFICATION NUMBER | |
| Classification number | 823 |
| Item number | ROD/D |
| 100 ## - MAIN ENTRY--AUTHOR NAME | |
| Personal name | RODDA, EMILY |
| 245 ## - TITLE STATEMENT | |
| Title | DELTORA QUEST |
| Remainder of title | RETURN TO DEL |
| 260 ## - PUBLICATION, DISTRIBUTION, ETC. (IMPRINT) | |
| Place of publication | NEW YORK |
| Name of publisher | SCHOLASTIC INC |
| Year of publication | 2000 |
| 300 ## - PHYSICAL DESCRIPTION | |
| Number of Pages | 136 |
| 520 ## - SUMMARY, ETC. | |
| Summary, etc | Return to Del is the eighth and final book of the original series of Deltora Quest written by Emily Rodda. It focuses on how Lief, Jasmine, and Barda must return to Del to give the completed Belt to Adin's heir to banish the Shadow Lord from their land. |
| 650 ## - SUBJECT ADDED ENTRY--TOPICAL TERM | |
| Topical Term | ADVENTURE STORY |
| Geographic subdivision | UNITED STATES |
| 942 ## - ADDED ENTRY ELEMENTS (KOHA) | |
| Koha item type | Books |
| Withdrawn status | Lost status | Collection code | Home library | Current library | Shelving location | Date acquired | Source of acquisition | Full call number | Accession Number | Koha item type |
|---|---|---|---|---|---|---|---|---|---|---|
| Fiction | Main Library | Main Library | SHELF 15 H-HARRY POTTER(CHARACTERISATION),WIMPY KID,DORK DIARIES | 28/01/2019 | purchase | 823 ROD/D | 10741 | Books |